Etnické menšiny na Slovensku a ich sociálno-ekonomické postavenie bakalárska práca

Uložené v:
Podrobná bibliografia
Hlavný autor: Hajtmanová, Martina
Korporativný autor: Národohospodárska fakulta EU. Katedra sociálneho rozvoja a práce
Ďalší autori: Šipikalová, Silvia, 1979-
Médium: Kniha
Jazyk:Slovak
Vydavateľské údaje: Bratislava 2013
Tagy: Pridať tag
Žiadne tagy, Buďte prvý, kto otaguje tento záznam!

MARC

LEADER 00000nbm a2200000 4500
001 0172642
005 20161109112107.7
041 0 |a slo 
044 |a SK 
245 1 0 |a Etnické menšiny na Slovensku a ich sociálno-ekonomické postavenie  |b bakalárska práca  |c Martina Hajtmanová ; školiteľ: Silvia Šipikalová 
264 1 |a Bratislava  |c 2013 
300 |a 49 s. 
100 1 |a Hajtmanová, Martina 
700 1 |a Šipikalová, Silvia, 1979- 
710 2 |a Národohospodárska fakulta EU. Katedra sociálneho rozvoja a práce